000 00318nam a22001457a 4500
008 221212b ||||| |||| 00| 0 eng d
020 _a9789004408715
041 _aeng
080 _a32
082 _a32 BIN
100 _a36
101 _aPOLITIC
245 _aTHE POLITICS OF PUBLIC DEBT
_cBIN D
942 _2udc
_cBK
999 _c59164
_d59164